Ювілей 1946-1956 (Запис № 580251)

МАРК-запис
000 -Лідер
fixed length control field 00822 a2200205 4500
003 - Ідентифікатор контрольного номера
control field UA-OsUOA
005 - Дата та час останнього входження (трансакції)
control field 20260326173127.0
008 - Елементи даних фіксованої довжини – загальна інформація
fixed length control field 260326b un ||||| |||| 00| 0 ukr d
040 ## - Джерело каталогізації
Агенція оригінальної каталогізації UA-OsUOA
Мова каталогізації ukr
Агенція, яка здійснювала перезапис UA-OsUOA
Агенція, яка здійснювала модифікацію UA-OsUOA
041 ## - Код мови
Код мови тексту/ звукової доріжки чи окремого заголовка (П) ukr
080 ## - Індекс Універсальної десяткової класифікації
Індекс Універсальної десяткової класифікації (УДК) (НП) 27
090 ## - Локальний шифр розміщення
Класифікаційний індекс УДК 27
Авторський знак (НП) Ю14
245 ## - Відомості про назву
Назва (НП) Ювілей 1946-1956
Решта назви (НП) з нагоди 10-ліття катедральної громади Пресв. Тройці у Вінніпегу
260 ## - Публікація, розповсюдження і т.п. (Вихідні дані)
Дата публікації, розповсюдження і т.п. (П) 1956
Місце публікації, розповсюдження і т.п. (П) Вінніпег
300 ## - Фізичний опис
Обсяг 48 с.
650 ## - Додаткове предметне введення – тематичний термін
Джерело заголовка чи терміна UDC
Тематичний термін чи географічна назва, як елемент введення (НП) 27 Християнство. Християнське віросповідання. Християнські церкви і деномінації
9 (RLIN) 24684
942 ## - Додаткові елементи входу (Коха)
Тип елемента Koha Брошура
Source of classification or shelving scheme Universal Decimal Classification
955 ## - Код типу видання за змістом
Код типу видання за змістом (НП) інше
Фонди
Стан вилучень Стан втрат Джерело класифікації або схеми стелажів Стан уражень Не для кредиту Постійне місце розташування Поточне розміщення Дата придбання Джерело придбання Вартість, звичайна ціна покупки Інвентарний номер Усього замовленно Повний номер виклику Штрих-код Дата останнього перегляду Вартість, ціна заміни Ціна ефективна від Тип елемента Koha Примітка, призначена для загального доступу
    Universal Decimal Classification     Наукова бібліотека ІДУД Наукова бібліотека ІДУД 26/03/2026 №3/26.03.2026 (ІДУД) 1.00 300455   27 Ю14 300455 26/03/2026 1.00 26/03/2026 Брошура Книгу отримано в дар від Романа Єринюка